Movie Pattern Misfit Quiz Stats

 Plays Quiz Updated May 28, 2019

Score 0/20 Timer 05:00
1 Play Today
Question Answer Wrong Answers
The Princess ____ Bee Movie
94.6%
The Princess Bride
1.5%
The Princess Diaries
1.6%
____ Day Ghostbusters
94.5%
Training Day
1%
Groundhog Day
1.1%
Independence Day
1.1%
Donnie ____ Interstellar
92.5%
Donnie Brasco
2.3%
Donnie Darko
2.9%
____ Hard The Sixth Sense
91.9%
Get Hard
4.3%
Die Hard
1.5%
____ Driver Witness
91.6%
Baby Driver
2.6%
Taxi Driver
3.4%
The Green ____ Moonlight
90.4%
The Green Mile
1.8%
The Green Hornet
5.4%
____ River You've Got Mail
90.1%
Mystic River
2.3%
Red River
2.4%
Frozen River
2.8%
The Big ____ Fargo
89.2%
The Big Lebowski
1.9%
The Big Sick
3.5%
The Big Short
3%
Midnight ____ Tootsie
88.2%
Midnight Cowboy
4.2%
Midnight Run
5.2%
Black ____ Dark Knight
86.3%
Black Panther
4.3%
Black Swan
1.1%
Black Beauty
6%
I Am ____ Terms of Endearment
85.8%
I Am Sam
9.2%
I Am Legend
2.6%
All the _____ Men To Kill a Mockingbird
82.3%
All the King's Men
7%
All the President's Men
8.2%
War ____ Seabiscuit
80%
War Horse
4.8%
War Dogs
12.9%
The Prince of ____ Hoosiers
79.3%
The Prince of Egypt
3%
The Prince of Tides
15.3%
____ Away Brother Bear
78.7%
Cast Away
1.9%
Spirited Away
8.3%
Breaking Away
8.7%
____ Hour JFK
75.6%
Rush Hour
3.8%
Darkest Hour
18.2%
American ____ The English Patient
75.1%
American Pie
4%
American Beauty
8.9%
American Hustle
9.5%
____ Park The Grand Budapest Hotel
74.7%
Jurassic Park
2.1%
Gosford Park
20.8%
The ____ King Cape Fear
73.3%
The Scorpion King
7.1%
The Lion King
2.2%
The Fisher King
15.1%
Get ____ Inside Man
65.4%
Get Out
12.2%
Get Shorty
10.8%
Get Smart
9.2%

You're not logged in!

Compare scores with friends on all Sporcle quizzes.
OR
Log In

Sporcle TV

Today on Sporcle TV


Watch our educational content, quiz creation guides, and fun videos on Sporcle TV.

Show Comments

Extras

Top Quizzes Today


Score Distribution

Your Account Isn't Verified!

In order to create a playlist on Sporcle, you need to verify the email address you used during registration. Go to your Sporcle Settings to finish the process.

Report this User

Report this user for behavior that violates our Community Guidelines.

Details: